000 00316nam a2200097Ia 4500
008 220120s9999||||xx |||||||||||||| ||und||
100 _aHarsha, H.S and Pradeep, J
_912272
245 0 _aWireless smart senser for energy indication
260 _aCoorg Institute of Technology
_bPonnampet
_c2010
650 _aCOMPUTER SCIENCE
999 _c137858
_d137858